000 02541cam a22003255a 4500
999 _c11314
_d11314
001 14742327
005 20190311102316.0
008 070222s2007 gw a frb 001 0 eng d
020 _a9783540709473 (hardcover : alk. paper)
040 _aDLC
_beng
_cDLC
_dDLC
_dEG-ScBUE
041 1 _aeng
_hger
082 0 4 _a621.042
_bREN
_222
130 0 _aErneuerbare Energien.
_lEnglish.
_93746
245 1 0 _aRenewable energy :
_btechnology, economics and environment /
_c[editors] Martin Kaltschmitt, Wolfgang Streicher, Andreas Wiese.
260 _aBerlin ;
_aNew York :
_bSpringer,
_cc.2007.
300 _axxxii, 564 p. :
_bill. ;
_c24 cm.
500 _a"The present English version is a corrected and enlarged update of the 4th German edition published in early 2005. In contrast to the German edition, all comments and information have been adapted to include the framework conditions outside of Central Europe"--P. vi.
504 _aIncludes bibliographical references and index.
520 _a"This book presents the physical and technical principles of promising ways of utilising renewable energies. In this context, firstly the main characteristics of the available renewable energy streams are outlined. Subsequently, the book presents the technologies of heat provision from passive and active solar systems, ambient air, shallow geothermal energy as well as energy from deep geothermal sources. In the preceding chapters the book addresses the processes of electricity generation from solar radiation (photovoltaic and solar thermal power plant technologies), wind energy, and hydropower. In addition, a brief discussions of harnessing ocean energies is included."--Jacket.
520 0 _aIntroduction and Structure -- Basics of Renewable Energy Supply -- Utilization of Passive Solar Energy -- Solar Thermal heat Utilization -- Solar Thermal Power Plants -- Photovoltaic Power Generation -- Wind Power Generation -- Hydroelectric Power Generation -- Utilisation of Ambient Air and Shallow Geothermal Energy -- Utilisation of Geothermal Energy -- Harnessing Ocean Energy -- Energetic Use of Biomass -- Energy Units.
546 _aText in English ; translated from original Germany.
650 7 _aRenewable energy sources.
_2BUEsh
_93747
651 _2BUEsh
653 _bENGGEN
_cMarch2019
655 _vReading book
700 1 _aKaltschmitt, Martin,
_eeditor.
_93748
700 1 _aStreicher, Wolfgang,
_cAo. Univ.-Prof. Dipl.-Ing. Dr. techn.,
_eeditor.
_93749
700 1 _aWiese, Andreas,
_cDr.-Ing.,
_eeditor.
_93750
942 _2ddc